000 00676nam a2200217Ia 4500
003 GCL
008 140319s9999 xx 000 0 ara d
040 _aGCL /
_cGCL
082 0 4 _aط
_b813.0876
_bأ ط
100 1 _aايمن الدسوقى
245 1 0 _aطرائف والت ديزنى بالكمبيوتر /
_cايمن الدسوقى
250 _aالثانية
260 _aالقاهرة :
_bمركز الاهرام للترجمة والنشر ،
_c1993
300 _a46 ص ؛
_c30سم
650 0 4 _aالاطفال
650 0 4 _aالالعاب
650 0 4 _aالترفيه
650 0 4 _aالتسالى
650 0 4 _aالقصص العلمية
942 _2ddc
_cBK
999 _c57657
_d57657